U.S. States With the Largest Malls - Statistics

General Stats
  • This quiz has been taken 58 times
  • The average score is 8 of 10
Answer Stats
Area of Largest Mall (sq ft) U.S. State Area of Largest Mall (sq meters) % Correct
2,623,285 sq ft California 243,720 sq meters
98%
5,600,000 sq ft Minnesota 520,000 sq meters
98%
2,700,000 sq ft Florida 250,000 sq meters
96%
2,154,014 sq ft Illinois 200,114 sq meters
91%
3,000,000 sq ft New Jersey 280,000 sq meters
91%
3,000,000 sq ft Texas 280,000 sq meters
91%
2,400,000 sq ft New York 220,000 sq meters
87%
2,793,200 sq ft Pennsylvania 259,500 sq meters
87%
2,400,000 sq ft Virginia 220,000 sq meters
76%
2,400,000 sq ft Hawaii 220,000 sq meters
33%
No matching quizzes found
Score Distribution
Percent of People with Each Score
Percentile by Number Answered
Your Score History
You have not taken this quiz